La descentralización de la educación y las relaciones de rendición de cuentas en los países latinoamericanos /

Informe que analiza las reformas de descentralización realizadas por el sector educacional en América Latina (estado, impacto y problemas actuales) utilizando el marco de rendición de cuentas del Informe de Desarrollo Mundial 2004. Este marco se centra los mecanismos de rendición de cuentas entre la...

Celý popis

Uloženo v:
Podrobná bibliografie
Hlavní autor: Gropello, Emanuela di (autor)
Médium: Kniha
Jazyk:španělština
Vydáno: Washington, EUA : Santiago, Chile : Programa de Promoción de la Reforma Educativa en América Latina y el Caribe : Banco Interamericano de Desarrollo ; Corporación de Investigaciones para el Desarrollo, 2004, c2004
Edice:(Documentos del Programa de la Reforma Educativa en América Latina y el Caribe ; 30)
Témata:
Tagy: Přidat tag
Žádné tagy, Buďte první, kdo vytvoří štítek k tomuto záznamu!

MARC

LEADER 00000nam^a2200000^a^4500
001 000171592
005 20250521000000.0
009 20260526125704.517
037 |a Acervo ITESO - Biblioteca 
041 |a ESP 
082 |a 379. 80  |b GRO 
100 |a Gropello, Emanuela di  |e (autor) 
245 1 3 |a La descentralización de la educación y las relaciones de rendición de cuentas en los países latinoamericanos /  |c E. di Gropello ; presen. de Jaime Martuscelli. 
264 4 |a Washington, EUA :  |b Programa de Promoción de la Reforma Educativa en América Latina y el Caribe :  |b Banco Interamericano de Desarrollo ;  |a Santiago, Chile :  |b Corporación de Investigaciones para el Desarrollo,  |c 2004, c2004 
300 |a 35 p. 
336 |a texto  |b txt  |2 rdacontenido 
337 |a sin mediación  |b n  |2 rdamedio 
338 |a volumen  |b nc  |2 rdasoporte 
440 1 |a (Documentos del Programa de la Reforma Educativa en América Latina y el Caribe ;  |v 30) 
520 |a Informe que analiza las reformas de descentralización realizadas por el sector educacional en América Latina (estado, impacto y problemas actuales) utilizando el marco de rendición de cuentas del Informe de Desarrollo Mundial 2004. Este marco se centra los mecanismos de rendición de cuentas entre las autoridades responsables de las políticas educativas, los prestadores de servicios educativos y los estudiantes, con el fin de explicar las razones por las cuales el servicio educativo es exitoso o no. 
649 |a XX 
650 |a Reforma Educativa -  |z Latinoamérica 
650 |a Administración Educativa -  |z Latinoamérica 
650 |a Centralización y Descentralización -  |z Latinoamérica 
650 |a Evaluación Educativa -  |z Latinoamérica 
650 |a Política Educativa -  |z Latinoamérica 
650 |a Educación -  |z Latinoamérica -  |x Historia -  |y Siglo XXI 
650 |a Educación y Estado -  |z Latinoamérica 
910 |a Fondo General 
920 |a Impresos - Libros 
930 |a Colección General 
905 |a 101 
901 |a 0500109221  |b IT1  |c ACC  |u 20250521 
902 |a https://opac.biblio.iteso.mx/vufind/Record/000171592